000 00315nam a2200133Ia 4500
008 191201s1993 xx 000 0 und d
100 _aVENKATARMAN,G
245 0 _aChandrasekhar and His Limit
250 _aRep
260 _aN. Delhi
_bUniversity Press
_c1993
300 _a139
650 _aApplied
942 _2ddc
_cBK
999 _c685
_d685